|
|
|
|
| LEADER |
00935cam a2200253 7i4500 |
| 001 |
0000002851 |
| 005 |
20090318090000.0 |
| 020 |
|
|
|a 0072462248 (hbk.)
|
| 020 |
|
|
|a 9780072462241
|
| 050 |
0 |
0 |
|a GV341 WUE 2003
|
| 090 |
0 |
0 |
|a GV341
|b .W84 2003
|
| 100 |
1 |
|
|a Wuest, Deborah A
|
| 245 |
1 |
0 |
|a Foundations of physical education, exercise science, and sport
|c Deborah A. Wuest, Charles A. Bucher.
|
| 250 |
|
|
|a 14th ed.
|
| 260 |
|
|
|a Boston:
|b McGraw-Hill,
|c 2003.
|
| 300 |
|
|
|a xvi, 607 p.:
|b ill.;
|c 25 cm.
|
| 500 |
|
|
|a Rev. ed. of: Foundations of physical education and sport. 13th ed. c1999
|
| 504 |
|
|
|a Includes bibliographical references and index
|
| 650 |
0 |
0 |
|a Sports --
|x Vocational guidance
|
| 650 |
0 |
0 |
|a Physical education and training --
|x Vocational guidance
|
| 650 |
0 |
0 |
|a Physical education and training
|
| 650 |
0 |
0 |
|a Sports
|
| 700 |
1 |
|
|a Bucher, Charles Augustus
|
| 999 |
|
|
|a 0000010858
|b BOK
|c OPEN SHELF
|e 1st Floor, Shah Alam
|